Geography Quiz

Random Geography or State Quiz

US States Without 'H' Minefield Quiz Stats

 Plays Quiz Updated Apr 6, 2020

     
Support Sporcle.
Go Orange.
Score 0/36 Timer 04:00
5 Plays Today
% Correct
???
95.1%
???
90%
???
88.7%
???
87.5%
???
87%
???
85.6%
???
85.2%
???
84.8%
???
83.8%
???
82.6%
???
81.8%
???
81.6%
???
81.4%
???
81.4%
???
80.3%
???
79.8%
???
79%
???
78.9%
% Correct
???
78.8%
???
78.2%
???
77.5%
???
77%
???
77%
???
76.6%
???
76.6%
???
76.5%
???
75.5%
???
75.2%
???
74.9%
???
74.8%
???
74.5%
???
74%
???
73.9%
???
72.7%
???
72.3%
???
72%

From the Vault

UK Pub Quiz: What's on the Box?

by knightlancer

We're usually more interested in what's inside of boxes.
Remove Ads.
Support Sporcle.
Get the best of Sporcle when you Go Orange. This ad-free experience offers more features, more stats, and more fun while also helping to support Sporcle. Thank you for becoming a member.

Show Comments

Extras

Top Quizzes Today


Score Distribution

Your Account Isn't Verified!

In order to create a playlist on Sporcle, you need to verify the email address you used during registration. Go to your Sporcle Settings to finish the process.

Report this User

Report this user for behavior that violates our Community Guidelines.

Details: